Daňová reforma priblíži Slovensko právu Európskej únie

Princípy pripravovanej daňovej reformy na Slovensku: presun ťažiska daňových príjmov z priamych daní na nepriame, posilnenie váhy daní majetkového typu, približovanie daňovej legislatívy predpisom EÚ (DPH, spotrebné dane), zavedenie štandardných princípov pri dani z nehnuteľnosti. Druhy daní na Slov...

Descrizione completa

Salvato in:
Dettagli Bibliografici
Autore principale: Vechter, Juraj
Natura: Capitolo di libro
Lingua:slovacco
Soggetti:
Tags: Aggiungi Tag
Nessun Tag, puoi essere il primo ad aggiungerne!!

MARC

LEADER 00000naa a2200000 4500
001 r040959
005 20230720102732.2
041 0 |a slo 
044 |a SK 
245 1 0 |a Daňová reforma priblíži Slovensko právu Európskej únie  |c Juraj Vechter 
520 |a Princípy pripravovanej daňovej reformy na Slovensku: presun ťažiska daňových príjmov z priamych daní na nepriame, posilnenie váhy daní majetkového typu, približovanie daňovej legislatívy predpisom EÚ (DPH, spotrebné dane), zavedenie štandardných princípov pri dani z nehnuteľnosti. Druhy daní na Slovensku (www.udr.sk). 
610 2 0 |a reformy daňové 
610 2 0 |a dane 
610 2 0 |a Slovensko 
610 2 0 |a Európska únia 
610 2 0 |a aproximácia práva 
610 2 0 |a štandardizácia 
100 1 |a Vechter, Juraj